歴代MV再生回数トップ20(YouTube・日本国内) - Statistics

General Stats
  • This quiz has been taken 495 times
  • The average score is 4 of 20
Answers on the Grid
Answers color-coded by a green-red scale on the quiz's grid according to % correct below.
Lemon/米津玄師
打上花火/DAOKO✕米津玄師
アイドル/YOASOBI
Pretender/Official髭男dism
白日/King Gnu
PPAP/ピコ太郎
廻廻奇譚/Eve
怪物/YOASOBI
うっせぇわ/Ado
アイネクライネ/米津玄師
マリーゴールド/あいみょん
LOSER/米津玄師
炎/Lisa
前前前世/RADWIMPS
Make you happy/NiziU
Bling-Bang-Bang-Born/Creepy Nuts
ピースサイン/米津玄師
インフェルノ/Mrs.GREEN APPLE
夜に駆ける/YOASOBI
U.S.A./DA PUMP
灰色と青/米津玄師
恋/星野源
パプリカ/Foorin
NIGHT DANCER/imase
恋するフォーチュンクッキー/AKB48
水平線/back number
RPG/SEKAI NO OWARI
残響散歌/Aimer
感電/米津玄師
ようかい体操第一/マイコ
ただ君に晴れ/ヨルシカ
カワキヲアメク/美波
新宝島/サカナクション
猫/DISH//
The Beginning/ONE OK ROCK
Habit/SEKAI NO OWARI
踊/Ado
スパークル/RADWIMPS
唱/Ado
まちがいさがし/菅田将暉
 
Answer Stats
Answer % Correct
Lemon/米津玄師
48%
夜に駆ける/YOASOBI
38%
アイドル/YOASOBI
34%
白日/King Gnu
29%
Pretender/Official髭男dism
28%
打上花火/DAOKO✕米津玄師
26%
前前前世/RADWIMPS
26%
うっせぇわ/Ado
24%
Bling-Bang-Bang-Born/Creepy Nuts
22%
マリーゴールド/あいみょん
18%
LOSER/米津玄師
18%
怪物/YOASOBI
18%
廻廻奇譚/Eve
16%
PPAP/ピコ太郎
16%
インフェルノ/Mrs.GREEN APPLE
15%
ピースサイン/米津玄師
14%
炎/Lisa
13%
アイネクライネ/米津玄師
12%
Make you happy/NiziU
8%
U.S.A./DA PUMP
6%
No matching quizzes found
Score Distribution
Percent of People with Each Score
Percentile by Number Answered
Your Score History
You have not taken this quiz